| 000 | 00365nam a22001697a 4500 | ||
|---|---|---|---|
| 003 | SGT | ||
| 020 | _a9789396649201 | ||
| 082 |
_a616.3 _bD21S |
||
| 100 | _aSRILAKSHMI, B. | ||
| 245 | _aDIETETICS | ||
| 250 | _a8TH | ||
| 260 |
_aNEW DELHI _bNEW AGE INTERNATIONAL _c2021 |
||
| 300 | _a550 | ||
| 650 | _aDICTETICS | ||
| 653 | _aDIET, FOOD, DRINK | ||
| 942 |
_2ddc _cBK |
||
| 999 |
_c22878 _d22878 |
||